[Event "Vilnius Rating"]
[Site "Vilnius"]
[Date "2009.02.03"]
[Round "4"]
[White "Voronov, Vadim"]
[Black "Dobryninas, Julianas"]
[Result "1-0"]
[WhiteElo "1986"]
[BlackElo "2041"]
[PlyCount "83"]
[EventDate "2009.01.13"]
[EventType "tourn"]
[EventRounds "9"]
[EventCountry "LTU"]
[SourceTitle "EXT 2012"]
[Source "ChessBase"]
[SourceDate "2011.11.24"]
[SourceVersion "1"]
[SourceVersionDate "2011.11.24"]
[SourceQuality "1"]

1. e4 c6 2. d4 d5 3. Nc3 dxe4 4. Nxe4 Nd7 5. Ng5 Ngf6 6. Bc4 e6 7. Qe2 b5 8. Nxf7 Qe7 9. Bxe6 Nb6 10. Bxc8 Kxf7 11. Qxe7+ Bxe7 12. Bb7 Rad8 13. Bxc6 Rxd4 14. Nf3 Rd6 15. 0-0 Rc8 16. Bxb5 Rxc2 17. Re1 Rd5 18. Ne5+ Kf8 19. Bd3 Rcc5 20. f4 Nbd7 21. Bc4 Rd4 22. Nxd7+ Rxd7 23. b3 Rh5 24. Be3 Bb4 25. Red1 Rxd1+ 26. Rxd1 Ra5 27. a4 Rf5 28. Be6 Ra5 29. h3 Ke7 30. Bc4 h5 31. Kf2 Bc5 32. Bb5 Bb4 33. Kf3 a6 34. Bc4 Bd6 35. g4 hxg4+ 36. hxg4 Kd7 37. Bf2 g6 38. Be1 Rc5 39. Bb4 Rc6 40. Bxd6 Rxd6 41. Rxd6+ Kxd6 42. Bxa6 1-0